00656nam a2200229Ia 450000500170000000800410001702000180005804000190007604100120009508200160010710000140012324500490013726000330018630000100021944000250022950400190025465000150027385000110028894200070029999900170030695201030032320240322123341.0131103s9999 xx 000 0 und d a0 00 636690 2 aLoreto College aEnglish a155.4 bBOW aBower,Tom 4aThe Perceptual World of the ChildcTom Bower aGreat BritainbFontanac1977 a92p.  aThe developing child aIncludes index aPsychology aLCBED  cBK c26612d77091 00102ddc4070aMAINbMAINd2013-11-04l0o155.4 BOW 9239pB29451r2013-11-04w2013-11-04yBKf